| 000 | 01113nam a22003015a 4500 | ||
|---|---|---|---|
| 005 | 20160309132112.0 | ||
| 008 | 160309r20112009ii a frb 001 0 eng d | ||
| 020 | _a8184485239 | ||
| 020 | _a9788184485233 | ||
| 040 |
_aEG-ScBUE _beng _cEG-ScBUE |
||
| 082 | 0 | 4 |
_a617.645 _bTEX _222 |
| 245 | 0 | 0 |
_aTextbook of pediatric dentistry / _ceditor Nikhil Marwah ; forewords Anil Kohli, Usha Mohan Das, M. L. Swarnkar. |
| 250 | _a2nd ed., Reprinted ed. | ||
| 260 |
_aNew Delhi : _bJaypee Brothers Medical Publishers (p) LTD., _c2011. |
||
| 300 |
_axxiv, 665 p. : _bill. ; _c27 cm. |
||
| 500 | _aIndex : p. [659]-665. | ||
| 500 | _aReprinted 2009 edition. | ||
| 504 | _aIncludes bibliographical references. | ||
| 541 | _aDonation from Al-Dar Al-Arabia lil-Nashr wa-al-Tawzīʻ. | ||
| 650 | 7 |
_aPedodontics. _2BUEsh _939506 |
|
| 651 | _2BUEsh | ||
| 653 |
_bDDent _cMarch2016 |
||
| 700 | 1 |
_aMarwah, Nikhil, _eeditor. |
|
| 700 | 1 |
_aKohli, Anil, _eauthor of introduction, etc. |
|
| 700 | 1 |
_aDas, Usha Mohan, _eauthor of introduction, etc. |
|
| 700 | 1 |
_aSwarnkar, M. L. _eauthor of introduction, etc. |
|
| 942 | _2ddc | ||
| 999 |
_c21354 _d21326 |
||